[Event "Reykjavik Open 2017"]
[Site "Reykjavik ISL"]
[Date "2017.04.23"]
[Round "6.58"]
[White "Thorhallsson,G"]
[Black "Webb,L"]
[Result "0-1"]
[WhiteElo "2070"]
[BlackElo "2271"]

1.e4 e6 2.d4 d5 3.Nd2 c5 4.exd5 exd5 5.Ngf3 Nf6 6.dxc5 Bxc5 7.Nb3 Bb6 8.Bg5
Bxf2+ 9.Kxf2 Ne4+ 10.Kg1 Nxg5 11.Nxg5 Qxg5 12.Bb5+ Nc6 13.Qe2+ Be6 14.Nd4 O-O
15.Bxc6 bxc6 16.Nxc6 Rae8 17.h4 Qf6 18.Qe5 Qg6 19.Nd4 Bg4 20.Qg3 Qb6 21.c3
Qxb2 22.Kh2 h5 23.a4 Re4 24.Rhe1 Rc8 25.Nb5 Be6 26.Rab1 Qd2 27.Rxe4 dxe4
28.Nd6 Rxc3 29.Rb8+ Kh7 30.Qe5 Rh3+ {#R} 0-1

[Event "Reykjavik Open 2017"]
[Site "Reykjavik ISL"]
[Date "2017.04.23"]
[Round "6.59"]
[White "Johannsson,O"]
[Black "Peat,M"]
[Result "1-0"]
[WhiteElo "2236"]
[BlackElo "2014"]

1.e4 c5 2.Nf3 Nc6 3.Bb5 g6 4.O-O Bg7 5.Re1 Nf6 6.c4 O-O 7.Nc3 b6 8.d4 cxd4
9.Nxd4 Bb7 10.Nc2 d6 11.Bg5 Ne5 12.f4 Nc6 13.Qe2 h6 14.Bh4 Nh5 15.Nd5 Nd4
16.Nxd4 Bxd4+ 17.Kh1 f6 18.Qg4 Bxd5 19.Qxg6+ Ng7 20.exd5 h5 21.Ba4 Rf7 22.Bd1
Kf8 23.Qh7 Ke8 24.Qg8+ {#r} 1-0

[Event "Reykjavik Open 2017"]
[Site "Reykjavik ISL"]
[Date "2017.04.23"]
[Round "6.62"]
[White "Harding,T"]
[Black "Louis,T"]
[Result "0-1"]
[WhiteElo "2017"]
[BlackElo "2202"]

1.d4 Nf6 2.c4 e6 3.g3 Bb4+ 4.Bd2 Qe7 5.Bg2 Nc6 6.e3 a5 7.Ne2 d6 8.Nbc3 h5 9.a3
Bxc3 10.Bxc3 a4 11.Nf4 h4 12.O-O Bd7 13.d5 exd5 14.Nxd5 Nxd5 15.Bxd5 hxg3
16.hxg3 Qg5 17.Qf3 O-O-O 18.Qf4 Qh5 19.Rfe1 g5 20.Qf3 g4 21.Qg2 Rh6 22.Rad1 f6
23.Rd4 Nxd4 24.Bxb7+ Kb8 25.Bxd4 Rdh8 26.Kf1 Qa5 27.Bc3 Qc5 28.Bd5 c6 29.Bb4
Qb6 30.Be4 f5 {#R} 0-1

[Event "Reykjavik Open 2017"]
[Site "Reykjavik ISL"]
[Date "2017.04.23"]
[Round "6.64"]
[White "Spence,D"]
[Black "Mulleady,Peter J"]
[Result "1-0"]
[WhiteElo "2168"]
[BlackElo "1949"]

1.e4 Nf6 2.e5 Nd5 3.d4 d6 4.Nf3 dxe5 5.Nxe5 c6 6.Be2 Bf5 7.Nc3 e6 8.O-O Nd7
9.f4 Nxc3 10.bxc3 Nxe5 11.fxe5 Be7 12.Bd3 Bg6 13.Be3 O-O 14.a4 Qc7 15.Qg4 Rad8
16.Rf3 Qa5 17.Bxg6 hxg6 18.Raf1 Qxa4 19.Bg5 Bxg5 20.Qxg5 Qxc2 21.Qe7 Rde8
22.Qxb7 Rb8 23.Qxc6 Rb1 24.h3 Rxf1+ 25.Rxf1 Qb2 26.Rf2 Qb1+ 27.Kh2 Qb6 28.Qd7
a5 29.c4 Qd8 30.Qa7 Qh4 31.Rf3 g5 32.Qe7 Qxd4 33.Qxg5 Qxc4 34.Rg3 g6 35.Rg4
Qc2 36.Rf4 f6 37.exf6 Qc7 38.Qxg6+ Kh8 39.Qg3 Rf7 40.Rh4+ {#r} 1-0

[Event "Reykjavik Open 2017"]
[Site "Reykjavik ISL"]
[Date "2017.04.23"]
[Round "6.66"]
[White "Kvamme,J"]
[Black "Valtysson,T"]
[Result "1-0"]
[WhiteElo "2151"]
[BlackElo "1955"]

1.d4 d5 2.Nf3 Nf6 3.c4 c6 4.Qc2 g6 5.Bf4 Bf5 6.Qb3 Qb6 7.c5 Qxb3 8.axb3 Bxb1
9.Rxb1 Nbd7 10.h3 Bg7 11.e3 O-O 12.Be2 Rfe8 13.Ne5 Nxe5 14.Bxe5 Nd7 15.Bxg7
Kxg7 16.Kd2 e5 17.Bd3 Re7 18.Ra1 a6 19.b4 Rae8 20.dxe5 Rxe5 21.Kc3 Nf6 22.Kb3
Ne4 23.Bxe4 Rxe4 24.Ka4 Kg8 25.Ka5 R8e7 26.Rhd1 Rd7 27.Rd4 Ree7 28.Kb6 Kg7
29.g4 h6 30.Rad1 Rc7 31.Re1 Rcd7 32.e4 Kg8 33.Red1 Re6 34.exd5 cxd5+ 35.Ka5
Re2 36.Rxd5 Rde7 37.Rd8+ Kg7 38.R1d2 R2e4 39.R8d7 Kf8 40.R2d4 Re2 41.Rxe7 Rxe7
42.Rd8+ Kg7 43.Rb8 {#r} 1-0

[Event "Reykjavik Open 2017"]
[Site "Reykjavik ISL"]
[Date "2017.04.23"]
[Round "6.67"]
[White "Birkisson,Bardur Orn"]
[Black "Davidsdottir,Nansy"]
[Result "1-0"]
[WhiteElo "2146"]
[BlackElo "1864"]

1.b3 e6 2.Bb2 d5 3.Nf3 Nf6 4.e3 Be7 5.Be2 Nbd7 6.O-O O-O 7.d3 b6 8.Nbd2 Bb7
9.Re1 c5 10.Bf1 Qc7 11.e4 d4 12.a4 a6 13.g3 b5 14.Nh4 Ne8 15.Bg2 Bxh4 16.gxh4
f5 17.axb5 Nef6 18.bxa6 Ng4 19.Nf1 Rxa6 20.Rxa6 Bxa6 21.Bc1 h6 22.h3 Ngf6
23.exf5 exf5 24.Qf3 g6 25.Bxh6 Rd8 26.Re7 Kh8 27.Bg7+ {#r} 1-0

[Event "Reykjavik Open 2017"]
[Site "Reykjavik ISL"]
[Date "2017.04.23"]
[Round "6.68"]
[White "Haraldsson,Haraldur"]
[Black "Viglundsson,B"]
[Result "1-0"]
[WhiteElo "1941"]
[BlackElo "2143"]

1.d4 Nf6 2.c4 e6 3.Nf3 Bb4+ 4.Bd2 c5 5.e3 O-O 6.Bd3 Nc6 7.g3 Bxd2+ 8.Nbxd2 b6
9.O-O Bb7 10.Qe2 Re8 11.Rfd1 cxd4 12.exd4 d5 13.b3 dxc4 14.Nxc4 Ne7 15.Nce5
Ned5 16.Qd2 Rc8 17.Rac1 Qd6 18.Ng5 Rxc1 19.Rxc1 Rf8 20.Qc2 h6 {#r} 1-0

[Event "Reykjavik Open 2017"]
[Site "Reykjavik ISL"]
[Date "2017.04.23"]
[Round "6.74"]
[White "Edvardsson,K"]
[Black "Smith,Lynda"]
[Result "1-0"]
[WhiteElo "2228"]
[BlackElo "1849"]

1.d4 f5 2.h3 Nf6 3.g4 d5 4.Nf3 fxg4 5.hxg4 Nc6 6.g5 Ne4 7.g6 Bf5 8.gxh7 Qd7
9.Bf4 O-O-O 10.e3 Rxh7 11.Rxh7 Bxh7 12.Nbd2 Nxd2 13.Qxd2 e6 14.Bb5 Bd6 15.Ne5
Bxe5 16.Bxe5 a6 17.a4 Kb8 18.Bg3 Rh8 19.Qc3 Bg6 20.Kd2 Be8 21.b4 Qe7 22.Rb1
axb5 23.axb5 Nxd4 24.Qxd4 Bxb5 25.Ra1 Ba6 26.b5 e5 27.Qa4 d4 28.bxa6 dxe3+
29.Kxe3 Rd8 30.axb7 Qg5+ 31.Ke2 Qh5+ 32.f3 {#r} 1-0

[Event "Reykjavik Open 2017"]
[Site "Reykjavik ISL"]
[Date "2017.04.23"]
[Round "6.75"]
[White "Mesman,Edwyn"]
[Black "Acevedo Mendez,Lisseth"]
[Result "0-1"]
[WhiteElo "2199"]
[BlackElo "1845"]

1.d4 f5 2.c4 d6 3.Nf3 Nf6 4.g3 g6 5.b4 Bg7 6.Bb2 O-O 7.Bg2 c6 8.O-O Qc7 9.Nbd2
Re8 10.Qb3 Kh8 11.Rfe1 e5 12.dxe5 dxe5 13.e4 a5 14.bxa5 Qxa5 15.a3 Na6 16.Bc3
Qc7 17.exf5 Nc5 18.Qa2 e4 19.Nd4 gxf5 20.N2b3 Nd3 21.Red1 Ne5 22.Nd2 Neg4
23.Re1 Ne5 24.Nf1 Nd3 25.Red1 Ng4 26.Rd2 Qb6 27.c5 Qxc5 28.Qf7 Re7 29.Ne6 Rxf7
30.Nxc5 Bxc3 {#R} 0-1

[Event "Reykjavik Open 2017"]
[Site "Reykjavik ISL"]
[Date "2017.04.23"]
[Round "6.79"]
[White "Ulfsson,Olafur Evert"]
[Black "Persson,Ande"]
[Result "0-1"]
[WhiteElo "1802"]
[BlackElo "2078"]

1.d4 Nf6 2.Bf4 g6 3.e3 Bg7 4.Nd2 d6 5.Ngf3 O-O 6.h3 c6 7.c4 Na6 8.Be2 Qb6
9.Qb3 Qxb3 10.Nxb3 Nb4 11.O-O Bf5 12.a3 Nd3 13.g4 Nxf4 14.exf4 Bd7 15.Rfe1 a5
16.Nbd2 h5 17.g5 Ne8 18.Bf1 Be6 19.Rad1 Nc7 20.a4 Rfe8 21.Re3 Bf5 22.Rde1 Kf8
23.b3 Ne6 24.Nh4 Nxd4 25.Nxf5 Nxf5 26.Rd3 Rad8 27.Ne4 d5 28.Red1 e6 29.Nc3 Ke7
30.c5 Kd7 31.Bg2 Kc7 32.Ne2 e5 33.fxe5 Rxe5 34.Kf1 Rde8 35.Ng1 Bf8 36.f4 Ne3+
37.Ke2 R5e6 38.Nf3 Nxg2+ 39.Kf2 Nxf4 {#R} 0-1

[Event "Reykjavik Open 2017"]
[Site "Reykjavik ISL"]
[Date "2017.04.23"]
[Round "6.80"]
[White "Savage,A"]
[Black "Davidsson,Oskar Vikingur"]
[Result "1-0"]
[WhiteElo "2067"]
[BlackElo "1818"]

1.e4 c5 2.b3 e6 3.Nf3 Nc6 4.Bb2 Qc7 5.c4 a6 6.g3 d6 7.d4 cxd4 8.Nxd4 Nf6 9.Bg2
Be7 10.O-O O-O 11.Nc3 Rd8 12.Nc2 b6 13.Qe2 Bb7 14.Rad1 Rac8 15.f4 e5 16.Nd5
Nxd5 17.exd5 Na5 18.fxe5 dxe5 19.Qxe5 Bc5+ 20.Kh1 Qxe5 21.Bxe5 Re8 22.Rde1 Bf8
23.Bc3 h6 24.Rxe8 Rxe8 25.Re1 Rc8 26.Nd4 Ba8 27.Nf5 Nb7 28.Bxg7 Nc5 29.Bxf8
Kxf8 30.Nxh6 b5 31.Rf1 Rc7 32.d6 Bxg2+ 33.Kxg2 Rd7 34.Nf5 bxc4 35.Rc1 {#r} 1-0

[Event "Reykjavik Open 2017"]
[Site "Reykjavik ISL"]
[Date "2017.04.23"]
[Round "6.82"]
[White "Thorsson,Pall"]
[Black "Zemlickova,Olena"]
[Result "0-1"]
[WhiteElo "1688"]
[BlackElo "2053"]

1.e4 e5 2.Nf3 Nc6 3.Bc4 Bc5 4.d3 d6 5.Nc3 a6 6.Be3 Ba7 7.Bxf7+ Kxf7 8.Ng5+ Ke8
9.Qh5+ g6 10.Qf3 Qf6 11.Nd5 Qxf3 12.Nxc7+ Kf8 13.Nxf3 Rb8 14.Nd2 Bxe3 15.fxe3
Nf6 16.O-O Ke7 17.Rf2 Be6 18.Raf1 Rbf8 19.Nc4 Nd7 20.Nd5+ Bxd5 21.exd5 Nd8
22.b4 b5 23.Rxf8 Rxf8 24.Rxf8 Kxf8 25.Nxd6 Nb6 26.c4 Ke7 27.Ne4 bxc4 28.d6+
Kd7 29.dxc4 Nxc4 30.Nc5+ Kxd6 31.Nxa6 Nxe3 32.b5 Nd5 33.b6 Nxb6 34.Nb4 Nc6
35.Nc2 Kd5 36.h4 Nd4 37.Ne3+ Ke4 38.Kf2 Nf5 39.Ng4 Nxh4 40.Nf6+ Kd3 41.g3 Nf5
42.g4 Nd4 43.Nxh7 e4 44.g5 e3+ {#R} 0-1

[Event "Reykjavik Open 2017"]
[Site "Reykjavik ISL"]
[Date "2017.04.23"]
[Round "6.83"]
[White "Arnalds,S"]
[Black "Mai,Alexander Oliver"]
[Result "0-1"]
[WhiteElo "2035"]
[BlackElo "1813"]

1.d4 Nf6 2.c4 g6 3.Nc3 Bg7 4.e4 d6 5.f3 O-O 6.Be3 Nc6 7.Qd2 a6 8.Bd3 e5 9.d5
Nd4 10.Nge2 Nd7 11.O-O c5 12.dxc6 bxc6 13.Bh6 Bxh6 14.Qxh6 Nc5 15.Rad1 Qf6
16.Bb1 Be6 17.b3 Nb7 18.h3 Nxe2+ 19.Nxe2 Qg7 20.Qe3 f5 21.f4 Rae8 22.Qb6 c5
23.Qxa6 Ra8 24.Qc6 Rfc8 25.Qb6 Qd7 26.Qb5 Rc6 27.b4 cxb4 28.Qxb4 Rxc4 29.Qd2
Ra5 30.exf5 Bxf5 31.Bxf5 Qxf5 32.Rb1 Rc2 33.Qd1 Qe4 34.Re1 Rd5 35.Nd4 Qxg2#
0-1

[Event "Reykjavik Open 2017"]
[Site "Reykjavik ISL"]
[Date "2017.04.23"]
[Round "6.85"]
[White "Nielsen,Allan"]
[Black "Olafsson,S"]
[Result "0-1"]
[WhiteElo "1606"]
[BlackElo "1998"]

1.e4 c5 2.Nf3 e6 3.d4 cxd4 4.Nxd4 a6 5.Nc3 Qc7 6.Bd3 Nf6 7.O-O b5 8.a3 Bb7
9.Re1 d6 10.Bg5 Be7 11.Qd2 O-O 12.Rad1 Nbd7 13.Nf3 Rfd8 14.Qf4 Ne5 15.Nxe5
dxe5 16.Qh4 Kh8 17.Re3 Ng8 18.Rh3 h6 19.Bxe7 Qxe7 20.Qxe7 Nxe7 21.Re3 Nc6
22.Ne2 Na5 23.b3 f5 24.Rf1 f4 25.Rh3 Rac8 26.f3 Nxb3 27.cxb3 Rxd3 28.Rb1 Rc2
29.Kf1 Rdd2 30.Re1 Kh7 31.g3 g5 32.a4 bxa4 33.bxa4 Bc6 34.a5 Bb5 35.gxf4 exf4
36.Rb1 Rxe2 {#R} 0-1

[Event "Reykjavik Open 2017"]
[Site "Reykjavik ISL"]
[Date "2017.04.23"]
[Round "6.89"]
[White "Meyer,Juergen"]
[Black "Halldorsson,Hj"]
[Result "1-0"]
[WhiteElo "1944"]
[BlackElo "1776"]

1.e4 e5 2.Nc3 Nc6 3.f4 exf4 4.Nf3 h6 5.d4 g5 6.d5 Nb8 7.h4 Bg7 8.d6 c6 9.Bc4
b6 10.Nd4 Ba6 11.Bb3 Qf6 12.Nf5 Qe5 13.Qh5 Qf6 14.Bd2 Kf8 15.O-O-O Bb7 16.Nxg7
Kxg7 17.Nd5 Qg6 18.Qxg6+ Kxg6 19.h5+ Kh7 20.Nc7 f6 21.Bc3 Na6 22.Nxa6 Bxa6
23.e5 Kg7 24.exf6+ {#r} 1-0

[Event "Reykjavik Open 2017"]
[Site "Reykjavik ISL"]
[Date "2017.04.23"]
[Round "6.90"]
[White "Kolka,Dawid"]
[Black "Skaale,Janus"]
[Result "0-1"]
[WhiteElo "1931"]
[BlackElo "1765"]

1.e4 e5 2.Nf3 Nc6 3.Bb5 a6 4.Bxc6 dxc6 5.O-O Bg4 6.d3 Bd6 7.Be3 Nf6 8.Nbd2 Qe7
9.h3 Be6 10.c3 Nd7 11.Qc2 O-O 12.d4 f6 13.Rfe1 Rad8 14.Rad1 c5 15.d5 Bf7
16.Nf1 b5 17.Ng3 g6 18.Qd2 c4 19.Nh4 Nc5 20.Bh6 Rfe8 21.Re3 Rd7 22.Qe2 Qd8
23.Qg4 Bf8 24.Nhf5 Bxh6 25.Nxh6+ Kh8 26.h4 Nd3 27.h5 gxh5 28.Nxh5 Bxh5 29.Qxh5
Nf4 30.Nf7+ Rxf7 31.Qxf7 Rf8 32.Qxf8+ Qxf8 33.g3 Nd3 34.Rd2 Kg8 35.Kg2 Kf7
36.b4 Ke7 37.a3 h5 38.Rexd3 cxd3 39.Rxd3 Qg8 40.Rf3 Qg4 41.Re3 Qd1 42.f4 exf4
{#R} 0-1

[Event "Reykjavik Open 2017"]
[Site "Reykjavik ISL"]
[Date "2017.04.23"]
[Round "6.91"]
[White "Magnusson,Thorsteinn"]
[Black "Eiriksson,S"]
[Result "0-1"]
[WhiteElo "1489"]
[BlackElo "1928"]

1.d4 Nf6 2.Bf4 g6 3.Nf3 Bg7 4.e3 O-O 5.Be2 c5 6.c3 cxd4 7.exd4 d6 8.O-O b6
9.Re1 Ba6 10.Bxa6 Nxa6 11.Qe2 Nc7 12.Qxe7 Qxe7 13.Rxe7 Ncd5 14.Bxd6 Nxe7
15.Bxe7 Rfe8 16.Bd6 Re2 17.Nbd2 Bh6 18.Be5 Ng4 19.Nc4 Nxe5 20.Nfxe5 b5 21.Nd6
f6 22.Ng4 Bg7 23.h3 Rxb2 24.Re1 b4 25.cxb4 Rxb4 26.d5 Rd8 27.Ne8 f5 28.Ngf6+
Kf7 29.Nxh7 Rxd5 30.Ng5+ Kg8 31.Re7 Bc3 32.Re6 Rb6 33.Re7 a5 34.Rc7 Rb1+ {#R}
0-1

[Event "Reykjavik Open 2017"]
[Site "Reykjavik ISL"]
[Date "2017.04.23"]
[Round "6.93"]
[White "Heidarsson,Arnar"]
[Black "Magnussen,P"]
[Result "1-0"]
[WhiteElo "1391"]
[BlackElo "1909"]

1.d4 Nf6 2.Bf4 g6 3.e3 Bg7 4.h3 d6 5.Nf3 O-O 6.c3 c6 7.Bd3 Nbd7 8.Nbd2 Re8
9.Qb3 Qb6 10.Bc4 Qxb3 11.Bxb3 b5 12.Ng5 Rf8 13.O-O a5 14.a3 h6 15.Ngf3 Re8
16.e4 e5 17.dxe5 dxe5 18.Bh2 Bb7 19.Nh4 Nf8 20.f4 exf4 21.Bxf4 g5 22.e5 Nd5
23.Ne4 Nxf4 24.Nd6 Bxe5 25.Bxf7+ Kh8 26.Nxe8 gxh4 27.Rae1 N4g6 28.Rf5 Bg3
29.Rh5 Kh7 30.Rf1 Rd8 31.Rhf5 Ne7 32.Nf6+ Kg7 33.Nh5+ Kh7 34.Nxg3 hxg3 35.R5f3
c5 36.Rxg3 Rd7 37.Be8 {#r} 1-0

[Event "Reykjavik Open 2017"]
[Site "Reykjavik ISL"]
[Date "2017.04.23"]
[Round "6.94"]
[White "Kakulidis,Ellen"]
[Black "Eminov,Sinan"]
[Result "1-0"]
[WhiteElo "1892"]
[BlackElo "1537"]

1.d4 Nf6 2.g3 d5 3.Nf3 e6 4.Bg2 Bd6 5.O-O Nbd7 6.c4 c6 7.Qc2 b6 8.Nbd2 O-O
9.e4 dxe4 10.Nxe4 Nxe4 11.Qxe4 Bb7 12.Qc2 Qc7 13.Ng5 Nf6 14.c5 bxc5 15.dxc5
Be7 16.Re1 h6 17.Bf4 Qc8 18.Ne4 Nxe4 19.Bxe4 Rd8 20.Rad1 Ba6 21.Rxd8+ Bxd8
22.Bd6 Qb7 23.Rd1 Bf6 24.b4 Rc8 25.Qb3 Qb5 26.a4 Qc4 27.Qb1 Bc3 28.Bh7+ Kh8
29.Bd3 {#r} 1-0

[Event "Reykjavik Open 2017"]
[Site "Reykjavik ISL"]
[Date "2017.04.23"]
[Round "6.96"]
[White "Nielsen,Jon I Horni"]
[Black "Baldvinsson,Loftur"]
[Result "0-1"]
[WhiteElo "1454"]
[BlackElo "1971"]

1.e4 Nc6 2.Nf3 f5 3.exf5 d5 4.d4 Bxf5 5.c3 e6 6.Bb5 Bd6 7.Bg5 Ne7 8.Qa4 O-O
9.Bxc6 bxc6 10.Bxe7 Qxe7 11.Qxc6 Rab8 12.b3 Bd3 13.Qa4 e5 14.dxe5 Rxf3 15.Kd2
Qg5+ 16.Kd1 Qxg2 17.Re1 Rxf2 18.exd6 Qf3+ 19.Kc1 Rc2# 0-1

[Event "Reykjavik Open 2017"]
[Site "Reykjavik ISL"]
[Date "2017.04.23"]
[Round "6.97"]
[White "Fjallheim,Elmar Reinert"]
[Black "Moller,Mikael"]
[Result "0-1"]
[WhiteElo "1691"]
[BlackElo "1965"]

1.e4 c5 2.c3 Nf6 3.e5 Nd5 4.d4 cxd4 5.Nf3 Nc6 6.cxd4 e6 7.Bc4 Nb6 8.Bb3 d5
9.O-O Be7 10.Nc3 a6 11.a3 Bd7 12.Bd2 Na5 13.Bc2 Nbc4 14.Bc1 Rc8 15.Ne2 Qc7
16.Bd3 Qb6 17.b4 Nc6 18.Qb3 Na7 19.Nd2 Nxd2 20.Bxd2 Bb5 21.Rfc1 O-O 22.Rxc8
Rxc8 23.Rc1 Rxc1+ 24.Bxc1 Bxd3 25.Qxd3 a5 26.bxa5 Qxa5 27.Qc3 Qb5 28.Qb2 Qd3
29.g3 Nb5 30.Qd2 Qxd2 31.Bxd2 Bxa3 32.Kf1 Bb2 33.Be3 f6 34.f4 Kf7 35.g4 Na3
36.h3 Nc2 37.Bf2 b5 38.g5 b4 39.Be1 b3 40.Bc3 Bxc3 41.Nxc3 Nxd4 42.Ke1 fxg5
{#R} 0-1

[Event "Reykjavik Open 2017"]
[Site "Reykjavik ISL"]
[Date "2017.04.23"]
[Round "6.98"]
[White "Le Creurer,Kilian"]
[Black "Thorarensen,A"]
[Result "1-0"]
[WhiteElo "1942"]
[BlackElo "1686"]

1.c4 c6 2.d4 d5 3.Nf3 Nf6 4.Nc3 Bf5 5.Nh4 Be6 6.cxd5 Bxd5 7.Nxd5 cxd5 8.e3 e6
9.Nf3 Ne4 10.Qa4+ Nc6 11.Bb5 Qc7 12.Ne5 Rc8 13.Qxa7 Bb4+ 14.Ke2 O-O 15.Bxc6
Qxe5 16.dxe5 Rxc6 17.Qa4 Rfc8 18.Qxb4 Rc2+ 19.Bd2 {#r} 1-0

[Event "Reykjavik Open 2017"]
[Site "Reykjavik ISL"]
[Date "2017.04.23"]
[Round "6.102"]
[White "Arnarson,Smari"]
[Black "Thorsteinsson,Hilmar"]
[Result "1-0"]
[WhiteElo "1550"]
[BlackElo "1875"]

1.e4 g6 2.d4 Bg7 3.Nc3 d6 4.Bc4 a6 5.Nf3 b5 6.Bb3 Bb7 7.Qe2 Nd7 8.Bxf7+ Kxf7
9.Ng5+ Ke8 10.Ne6 Qc8 11.Nxg7+ Kf7 12.Nh5 gxh5 13.Qxh5+ Kf8 14.Bh6+ Nxh6
15.Qxh6+ Kg8 16.Qg5+ Kf7 17.Qh5+ Kg7 18.Qg5+ Kf8 19.O-O-O Qe8 20.Qh6+ Kg8
21.Rd3 Nf8 22.Rg3+ Ng6 23.h4 Qf8 24.Qg5 b4 25.Nd5 e6 26.Ne7+ Kg7 27.Nxg6 {#r}
1-0

[Event "Reykjavik Open 2017"]
[Site "Reykjavik ISL"]
[Date "2017.04.23"]
[Round "6.105"]
[White "Johannsson,Birkir Isak"]
[Black "Tijssens,Rob"]
[Result "1-0"]
[WhiteElo "1567"]
[BlackElo "1799"]

1.d4 Nf6 2.c4 c5 3.d5 b5 4.cxb5 a6 5.bxa6 g6 6.Nc3 Bxa6 7.Nf3 d6 8.e4 Bxf1
9.Kxf1 Bg7 10.g3 Nbd7 11.Kg2 O-O 12.a4 Qb6 13.Qe2 Rfb8 14.Bd2 Ne8 15.Rhb1 Nc7
16.Ra3 Qb7 17.Qd3 Na6 18.Nb5 Nb6 19.b3 c4 20.bxc4 Nc5 21.Qc2 Nbxa4 22.Nc3 Qc8
23.Rxb8 Qxb8 24.Nxa4 Qe8 25.Nxc5 Rxa3 26.Nd3 Qa4 27.Qxa4 Rxa4 28.Bb4 Kf8
29.Nd2 Ra1 30.Kf3 Ra2 31.Nb3 Rc2 32.c5 dxc5 33.Nbxc5 Ke8 34.e5 Rc4 35.d6 exd6
36.exd6 Bf6 37.d7+ Kf8 38.Nb7+ Kg8 39.Ke3 Rd4 40.d8=Q+ Rxd8 41.Nxd8 Bxd8
42.Ke4 {#r} 1-0

[Event "Reykjavik Open 2017"]
[Site "Reykjavik ISL"]
[Date "2017.04.23"]
[Round "6.107"]
[White "Leosson,Atli Johann"]
[Black "Haile,Batel Goitom"]
[Result "1-0"]
[WhiteElo "1773"]
[BlackElo "1197"]

1.e4 c5 2.Nf3 d6 3.Bb5+ Nd7 4.a4 a6 5.Bc4 h6 6.O-O Ngf6 7.Re1 e5 8.c3 Nb6
9.Ba2 Bg4 10.a5 Nbd7 11.Re3 b6 12.Na3 Be7 13.axb6 Qxb6 14.Nc4 Qa7 15.d3 O-O
16.h3 Bh5 17.g4 Bg6 18.Nh4 Bh7 19.Nf5 Bxf5 20.gxf5 d5 21.exd5 Nxd5 22.Rg3 Kh7
23.Nxe5 Nxc3 24.Qg4 Rg8 25.Qg6+ fxg6 26.fxg6+ Kh8 27.Nf7# 1-0

[Event "Reykjavik Open 2017"]
[Site "Reykjavik ISL"]
[Date "2017.04.23"]
[Round "6.113"]
[White "Apol,Luitjen Akselsson"]
[Black "Axelsson,T"]
[Result "1-0"]
[WhiteElo "1561"]
[BlackElo "1799"]

1.e4 d5 2.exd5 Nf6 3.d4 e6 4.Nf3 exd5 5.Bd3 Bg4 6.O-O Nc6 7.c3 Bd6 8.Re1+ Ne7
9.h3 h5 10.hxg4 hxg4 11.Ne5 c6 12.Qe2 Qc7 13.c4 dxc4 14.Bxc4 O-O-O 15.Nxf7
Bh2+ 16.Kf1 Be5 17.Qxe5 Qxe5 18.Rxe5 Rh1+ 19.Ke2 Rxd4 20.Rxe7 Rxc4 {#r} 1-0

[Event "Reykjavik Open 2017"]
[Site "Reykjavik ISL"]
[Date "2017.04.23"]
[Round "6.114"]
[White "Fjallheim,Benjamin Reinert"]
[Black "Gudmundsson,Ei"]
[Result "0-1"]
[WhiteElo "1322"]
[BlackElo "1739"]

1.e4 c5 2.Nc3 Nc6 3.f4 g6 4.Nf3 Bg7 5.Bc4 a6 6.a3 b5 7.Ba2 e6 8.d3 Nge7 9.Be3
d6 10.Qd2 O-O 11.h4 Nd4 12.Bxd4 cxd4 13.Ne2 e5 14.fxe5 h5 15.Nexd4 dxe5 16.Ne2
Bg4 17.Qg5 Kh7 18.Nh2 f6 19.Qe3 Bh6 20.Qg3 Bxe2 21.Kxe2 Rc8 22.Bb3 a5 23.a4 b4
24.Qe1 f5 25.Rf1 Qd4 26.Rb1 fxe4 27.Rxf8 Rxf8 28.Bc4 exd3+ 29.Bxd3 e4 30.Bb5
Qe3+ 31.Kd1 Rd8+ 32.Bd3 Rxd3+ {#R} 0-1

[Event "Reykjavik Open 2017"]
[Site "Reykjavik ISL"]
[Date "2017.04.23"]
[Round "6.116"]
[White "Fjallheim,Leif Reinert"]
[Black "Davidsson,Stefan Orri"]
[Result "1-0"]
[WhiteElo "1667"]
[BlackElo "1490"]

1.e4 c5 2.Nc3 e6 3.Bc4 a6 4.a4 b6 5.Nf3 Bb7 6.d3 d6 7.O-O Nf6 8.Ba2 Be7 9.h3
O-O 10.Nh2 Nbd7 11.f4 e5 12.f5 h6 13.g4 Nh7 14.Nf3 Ng5 15.Bxg5 Bxg5 16.Qe1 Be7
17.h4 Kh8 18.Qg3 f6 19.Nd5 Bxd5 20.Bxd5 Rb8 21.Rf2 b5 22.g5 g6 23.fxg6 hxg5
24.hxg5 Kg7 25.Rh2 Rh8 26.Rh7+ Rxh7 27.gxf6+ Nxf6 28.gxh7+ Kxh7 29.Ng5+ {#r}
1-0

[Event "Reykjavik Open 2017"]
[Site "Reykjavik ISL"]
[Date "2017.04.23"]
[Round "6.117"]
[White "Finnsson,Johann Arnar"]
[Black "Arnason,Saemundur"]
[Result "1-0"]
[WhiteElo "1655"]
[BlackElo "1232"]

1.c4 e5 2.g3 Nf6 3.Nc3 Nc6 4.Bg2 Bb4 5.e4 d6 6.Nge2 O-O 7.O-O Bd7 8.d3 h6 9.a3
Bc5 10.b4 Bb6 11.h3 Qc8 12.Kh2 a6 13.f4 a5 14.b5 Nd4 15.Rb1 a4 16.f5 Qd8
17.Nxd4 Bxd4 18.Qe1 c6 19.bxc6 bxc6 20.g4 Nh7 21.Be3 Bxe3 22.Qxe3 Qg5 23.Qf2
c5 24.Rb6 Qd8 25.Nd5 Bc8 26.Rfb1 Qd7 27.f6 g6 28.Qh4 Ng5 29.Qxh6 Ne6 30.Ne7+
{#r} 1-0

[Event "Reykjavik Open 2017"]
[Site "Reykjavik ISL"]
[Date "2017.04.23"]
[Round "6.122"]
[White "Hjaltason,Magnus"]
[Black "Steinthorsson,Birgir Logi"]
[Result "1-0"]
[WhiteElo "1205"]
[BlackElo "1040"]

1.e4 d5 2.exd5 Qxd5 3.Nc3 Qd6 4.d4 Nf6 5.Nf3 g6 6.Be2 Bg7 7.O-O O-O 8.Nb5 Qb4
9.Nxc7 Qd6 10.Nxa8 Ng4 11.Ne5 Bxe5 12.dxe5 Qxe5 13.Bxg4 Bxg4 14.Qxg4 Nc6
15.Qf4 Qa5 16.Nc7 e5 17.Qf6 Ne7 18.Bh6 Nf5 19.Bxf8 Qxc7 20.Ba3 Nd4 21.c3 Ne2+
22.Kh1 Qc4 23.Rfd1 Nd4 24.cxd4 e4 25.Rac1 Qe6 26.Qxe6 fxe6 27.Rc7 e3 28.fxe3
b6 29.Rf1 e5 30.Rf8# 1-0

[Event "Reykjavik Open 2017"]
[Site "Reykjavik ISL"]
[Date "2017.04.23"]
[Round "6.124"]
[White "Thorisson,Benedikt"]
[Black "Thorisson,Bjartur"]
[Result "1-0"]
[WhiteElo "1057"]
[BlackElo "1071"]

1.e4 c5 2.Nf3 e6 3.d4 cxd4 4.Nxd4 Nc6 5.Nc3 Qc7 6.Be3 Nf6 7.f3 d5 8.exd5 Nxd5
9.Nxd5 exd5 10.Qe2 Ne7 11.Qd2 Nf5 12.Nb5 Qd7 13.Nc3 Nxe3 14.Bb5 Nf5 15.Bxd7+
Bxd7 16.Nxd5 Rd8 17.Qe2+ Ne7 18.Nc7# 1-0

[Event "ch-CHN w 2017"]
[Site "Xinghua CHN"]
[Date "2017.04.23"]
[Round "1.2"]
[White "Ren,Xiaoyi"]
[Black "Wang Jue"]
[Result "0-1"]
[WhiteElo "2262"]
[BlackElo "2335"]

1.d4 Nf6 2.c4 g6 3.Nc3 Bg7 4.e4 d6 5.Nf3 O-O 6.Be2 Na6 7.O-O c6 8.h3 Qe8 9.Be3
e5 10.dxe5 dxe5 11.a3 Qe7 12.b4 Nh5 13.Re1 Nf4 14.Bf1 Ne6 15.Ne2 f5 16.c5 f4
17.Bd2 Nac7 18.Qb3 Kh8 19.Bc3 Ng5 20.Nxg5 Qxg5 21.Bb2 f3 22.Ng3 Ne6 23.Bc1
Qxg3 24.fxg3 f2+ 25.Kh2 fxe1=Q 26.Bb2 Qf2 {#R} 0-1

[Event "ch-CHN w 2017"]
[Site "Xinghua CHN"]
[Date "2017.04.23"]
[Round "1.3"]
[White "Xiao,Yiyi"]
[Black "Zhai Mo"]
[Result "1-0"]
[WhiteElo "2290"]
[BlackElo "2303"]

1.Nf3 d5 2.g3 Nf6 3.Bg2 e6 4.c4 dxc4 5.O-O a6 6.a4 Nc6 7.Qc2 Na5 8.Na3 Bxa3
9.Rxa3 Qe7 10.Ne5 Nd5 11.Nxc4 Nxc4 12.Qxc4 O-O 13.d4 a5 14.Bd2 b6 15.Re1 Ba6
16.Qc1 Rac8 17.Qb1 Rfd8 18.h4 h6 19.e4 Nb4 20.d5 exd5 21.exd5 Qd7 22.Bxb4 axb4
23.Rae3 Rf8 24.Re7 Qd6 25.Qf5 Rcd8 26.h5 Bc8 27.Qc2 Bd7 28.b3 Rc8 29.Qc4 Ra8
30.Bf3 Rfe8 31.Rxe8+ Rxe8 32.Rc1 Rc8 33.Rd1 Qf6 34.Bg2 Qf5 35.Qxb4 Qxh5 36.Re1
Qf5 37.d6 Qg4 38.Qd2 Be6 39.dxc7 Kh7 40.Qd6 Bxb3 41.Qd3+ {#r} 1-0

[Event "ch-CHN w 2017"]
[Site "Xinghua CHN"]
[Date "2017.04.23"]
[Round "1.6"]
[White "Guo Qi"]
[Black "Gu,T"]
[Result "1-0"]
[WhiteElo "2413"]
[BlackElo "2212"]

1.d4 d5 2.c4 c6 3.Nf3 Nf6 4.Nc3 e6 5.Bg5 h6 6.Bxf6 Qxf6 7.e3 g6 8.Rc1 Bg7
9.cxd5 exd5 10.Nxd5 Qd6 11.Nc3 O-O 12.Bc4 b5 13.Bd3 Na6 14.O-O Rd8 15.a3 b4
16.Ne4 Qe7 17.Qa4 bxa3 18.bxa3 Nb8 19.Nc5 a5 20.h3 Qf6 21.Ne5 Qg5 22.f4 Qe7
23.Qb3 Bxe5 24.fxe5 Kg7 25.Rf6 a4 26.Qc2 Ra7 27.Rcf1 Qe8 28.e6 Bxe6 29.Nxe6+
fxe6 30.Rxg6+ Kh8 31.Rxh6+ Kg8 32.Qf2 {#r} 1-0